Vermont Towns with an Indoor Ice Rink - Statistics

General Stats
  • This quiz has been taken 18 times
  • The average score is 11 of 19
Answer Stats
# of rinks Name of rink(s) Town % Correct
2 Gutterson Fieldhouse & Leddy Park Arena Burlington
100%
1 Central Vermont Memorial Civic Center Montpelier
83%
2 Giorgetti Athletic Complex & Spartan Arena Rutland
83%
1 _____ Skating Facility Essex
75%
1 C. Douglas Cairns Arena South Burlington
75%
1 Collins Perley Sports & Fitness Center St. Albans
75%
1 Nelson Withington Skating Facility Brattleboro
67%
2 Memorial Sports Center & Chip Kenyon Arena Middlebury
67%
1 B.O.R Ice Arena Barre
58%
1 _____ Arena Stowe
58%
1 Riley Rink at Hunter Park Manchester
50%
1 Kreitzberg Arena Northfield
50%
1 The Ice Center Waterbury
42%
1 Fenton W. Chester Arena Lyndonville
33%
1 Wendell A. Barwood Arena White River Junction
33%
1 Union Arena Woodstock
33%
1 ________ Sports Arena Highgate
25%
1 Ice Haus Arena Jay
25%
1 Michael Choukas Ice Arena Bellows Falls
17%
No matching quizzes found
Score Distribution
Percent of People with Each Score
Percentile by Number Answered
Your Score History
You have not taken this quiz